000 00363nam a2200145Ia 4500
008 230917s9999||||xx |||||||||||||| ||und||
040 _e110496
_aMAIN
041 _aEnglish
082 _a658.15 K848C
100 _aKothari, Rajesh
245 0 _aContemporary financial management
260 _aNew Delhi
_bMacmillan
_c2005
300 _av, 468p p.
942 _cBK
999 _c130200
_d130200